000 00375nam a2200157Ia 4500
008 230917s9999||||xx |||||||||||||| ||und||
020 _cRS0.32
040 _e13192
_aMAIN
041 _aEnglish
082 _a519.5 G643O
100 _aGoon, A M
245 0 _aFundamentals of statistics. V1
260 _aCalcutta
_bWorld Press
_c1976
300 _axiv, 558 p.
942 _cBK
999 _c70175
_d70175